000
00348nam a2200121Ia 4500
008
231129s9999||||xx |||||||||||||| ||spa||
020
_a
84-7223-046-5
082
_a
HAJ -0124
100
_a
Lorenz Konrad
245
0
_a
Cuando el hombre encontró al perro
264
_a
España: Libergraf 1995
942
_2
ddc
_c
BKS
999
_c
8373
_d
8373